| 000 | 00590nam a2200193 a 4500 | ||
|---|---|---|---|
| 001 | 000038356 | ||
| 003 | OSt | ||
| 005 | 20201106092946.0 | ||
| 008 | 130409s1981 dr 000 0 spa d | ||
| 040 |
_aDO-SdBNP _bspa _cBNPHU |
||
| 100 | 1 |
_aMoya, Antonio, de _964712 |
|
| 245 | 1 | 0 |
_aSalud mental y desarrollo / _cAntonio de Moya. |
| 260 |
_aSanto Domingo : _bSESPAS, _c1981. |
||
| 300 |
_a80 p. ; _c21 cm. |
||
| 490 | 1 | _aSalud y sociedad | |
| 710 |
_aRepública Dominicana. _bSecretaria de Salud Pública y Asistencia Social _91405 |
||
| 830 | 0 |
_aSalud y sociedad _913999 |
|
| 942 |
_2ddc _cLBS1 |
||
| 999 |
_c37846 _d37846 |
||